[Event "WchT Blitz Pool C"]
[Site "London"]
[Date "2025.06.14"]
[Round "13.5"]
[White "Salimova, Nurgyul"]
[Black "Camp, Imogen AL"]
[Result "1-0"]
[WhiteElo "2385"]
[BlackElo "1915"]
[PlyCount "45"]
[EventDate "2025.06.14"]
[EventType "team-tourn"]
[EventRounds "13"]
[EventCountry "ENG"]
[SourceTitle "CB25_2025"]
[SourceDate "2025.06.18"]
[SourceVersion "1"]
[SourceVersionDate "2025.06.18"]
[SourceQuality "1"]
[WhiteTeam "Generation XYZA"]
[BlackTeam "Wood Green Youth"]
[WhiteTeamCountry "TUR"]
[BlackTeamCountry "ENG"]

1. d4 d5 2. Nf3 Nf6 3. c4 e6 4. Nc3 c6 5. g3 dxc4 6. Bg2 Bd6 7. e4 Bc7 8. 0-0 Nbd7 9. e5 Nd5 10. Ne4 h6 11. Qc2 b5 12. b3 N7b6 13. h4 0-0 14. Bd2 a5 15. Qc1 a4 16. b4 Qe7 17. a3 Nd7 18. Re1 Bb7 19. g4 f5 20. exf6 N5xf6 21. Nxf6+ Qxf6 22. g5 hxg5 23. Bxg5 1-0

[Event "WchT Rapid"]
[Site "London"]
[Date "2025.06.13"]
[Round "10.4"]
[White "Le, Tuan Minh"]
[Black "Salimova, Nurgyul"]
[Result "1-0"]
[WhiteElo "2503"]
[BlackElo "2332"]
[PlyCount "61"]
[EventDate "2025.06.11"]
[EventType "team-swiss"]
[EventRounds "12"]
[EventCountry "ENG"]
[SourceTitle "CB25_2025"]
[SourceDate "2025.06.18"]
[SourceVersion "1"]
[SourceVersionDate "2025.06.18"]
[SourceQuality "1"]
[WhiteTeam "Theme Int Trading"]
[BlackTeam "Generation XYZA"]
[WhiteTeamCountry "SIN"]
[BlackTeamCountry "TUR"]

1. d4 d5 2. c4 c6 3. Nf3 Nf6 4. Qc2 g6 5. cxd5 Bg7 6. Nc3 0-0 7. e4 cxd5 8. e5 Ne8 9. Be2 Nc6 10. 0-0 Nc7 11. h3 f6 12. exf6 Bxf6 13. Be3 Bf5 14. Qb3 Rb8 15. Rfe1 Kg7 16. Rad1 Na5 17. Qa3 Nc4 18. Bxc4 dxc4 19. d5 b5 20. Bc5 Re8 21. Ne5 a5 22. Nc6 b4 23. Qxa5 Qc8 24. Bxb4 Ra8 25. Qb6 Ra6 26. Qe3 Nxd5 27. Nxd5 Rxc6 28. Nxf6 Kxf6 29. Bc3+ e5 30. Bxe5+ Kf7 31. Qh6 1-0

[Event "WchT Rapid"]
[Site "London"]
[Date "2025.06.12"]
[Round "8.4"]
[White "Maurizzi, Marc Andria"]
[Black "Salimova, Nurgyul"]
[Result "1-0"]
[WhiteElo "2472"]
[BlackElo "2332"]
[PlyCount "73"]
[EventDate "2025.06.11"]
[EventType "team-swiss"]
[EventRounds "12"]
[EventCountry "ENG"]
[SourceTitle "CB25_2025"]
[SourceDate "2025.06.18"]
[SourceVersion "1"]
[SourceVersionDate "2025.06.18"]
[SourceQuality "1"]
[WhiteTeam "Knight Dance"]
[BlackTeam "Generation XYZA"]
[WhiteTeamCountry "FRA"]
[BlackTeamCountry "TUR"]

1. e4 e5 2. Nf3 Nf6 3. Nxe5 d6 4. Nf3 Nxe4 5. c4 Nc6 6. d3 Nf6 7. d4 d5 8. c5 Be7 9. Bb5 Bd7 10. 0-0 0-0 11. Nc3 a6 12. Bxc6 Bxc6 13. Ne5 Be8 14. Re1 b6 15. cxb6 cxb6 16. Bg5 h6 17. Bh4 g5 18. Bg3 Ne4 19. Nxe4 dxe4 20. Rc1 Qd5 21. Rc7 Bd8 22. Ng4 Qe6 23. d5 Qg6 24. Ne5 Qf5 25. Rc2 f6 26. Nc6 Bg6 27. Rc3 Qd7 28. Qd4 b5 29. d6 Rc8 30. Rec1 Re8 31. Nxd8 Rxc3 32. Rxc3 Rxd8 33. Qxf6 Kh7 34. h4 Rc8 35. Rxc8 Qxc8 36. Qe7+ Kg8 37. d7 1-0

[Event "WchT Rapid"]
[Site "London"]
[Date "2025.06.12"]
[Round "6.4"]
[White "Salimova, Nurgyul"]
[Black "Moiseenko, Alexander"]
[Result "1/2-1/2"]
[WhiteElo "2332"]
[BlackElo "2533"]
[PlyCount "105"]
[EventDate "2025.06.11"]
[EventType "team-swiss"]
[EventRounds "12"]
[EventCountry "ENG"]
[SourceTitle "CB25_2025"]
[SourceDate "2025.06.18"]
[SourceVersion "1"]
[SourceVersionDate "2025.06.18"]
[SourceQuality "1"]
[WhiteTeam "Generation XYZA"]
[BlackTeam "Ashdod Elit CC"]
[WhiteTeamCountry "TUR"]
[BlackTeamCountry "ISR"]

1. d4 Nf6 2. Nf3 d5 3. c4 e6 4. Nc3 Bb4 5. Bg5 Nbd7 6. cxd5 exd5 7. e3 c5 8. Bd3 c4 9. Bc2 Qa5 10. 0-0 Bxc3 11. bxc3 Qxc3 12. Rc1 Qa3 13. Ne5 0-0 14. Qf3 Nxe5 15. dxe5 Ne4 16. Bxe4 dxe4 17. Qg3 Bf5 18. h4 h5 19. Rxc4 Rac8 20. Rd4 Qxa2 21. Rd6 Qe2 22. Ra1 Rc2 23. Qf4 Qg4 24. Qxg4 hxg4 25. Rxa7 Rb2 26. Kh2 Rc8 27. Rd8+ Rxd8 28. Bxd8 Kh7 29. Kg3 Kg6 30. Be7 Be6 31. Bf8 b5 32. h5+ Kh6 33. Rb7 Rb1 34. Kf4 Rg1 35. Kg3 Rb1 36. Kf4 Rg1 37. Kg3 Bc4 38. e6 fxe6 39. Rxg7 Kxh5 40. Be7 Kh6 41. Rxg4 Bd5 42. Kf4 Rf1 43. Kg3 Rh1 44. Rg8 Kh7 45. Rb8 Rb1 46. Kf4 Kg6 47. g4 Rb2 48. Kg3 Rb1 49. Bd6 Kf6 50. Rf8+ Kg7 51. Rb8 Kf6 52. Rf8+ Kg7 53. Rb8 1/2-1/2

[Event "WchT Rapid"]
[Site "London"]
[Date "2025.06.11"]
[Round "1.4"]
[White "Zakarian, Dimitrios Levon"]
[Black "Salimova, Nurgyul"]
[Result "0-1"]
[WhiteElo "2033"]
[BlackElo "2332"]
[PlyCount "78"]
[EventDate "2025.06.11"]
[EventType "team-swiss"]
[EventRounds "12"]
[EventCountry "ENG"]
[SourceTitle "CB25_2025"]
[SourceDate "2025.06.18"]
[SourceVersion "1"]
[SourceVersionDate "2025.06.18"]
[SourceQuality "1"]
[WhiteTeam "ANI"]
[BlackTeam "Generation XYZA"]
[WhiteTeamCountry "ENG"]
[BlackTeamCountry "TUR"]

1. d4 d5 2. Nf3 c5 3. c4 cxd4 4. cxd5 Nf6 5. Qa4+ Qd7 6. Qxd4 Nxd5 7. e4 Nb6 8. Nc3 Nc6 9. Qxd7+ Bxd7 10. Be3 e6 11. Bb5 Bd6 12. Rd1 Bc7 13. Bc5 h6 14. 0-0 0-0-0 15. a4 g5 16. b4 a6 17. Be2 g4 18. Nd4 Rhg8 19. b5 Nxd4 20. Bxd4 a5 21. e5 Kb8 22. f4 gxf3 23. Bxf3 Be8 24. Rfe1 Rc8 25. Ne4 Nxa4 26. Ra1 Bxb5 27. Nf6 Rgd8 28. Reb1 Rxd4 29. Rxb5 Bb6 30. Kh1 Rc5 31. Rab1 Rxb5 32. Rxb5 Ka7 33. h3 Nc3 34. Rb3 Na4 35. Ne4 Rb4 36. Rd3 Bd4 37. Nd6 Bxe5 38. Nxf7 Rb1+ 39. Bd1 Nb2 0-1

[Event "Grosslobming FIDE GP (Women)"]
[Site "Grosslobming"]
[Date "2025.05.15"]
[Round "9"]
[White "Salimova, Nurgyul"]
[Black "Javakhishvili, Lela"]
[Result "0-1"]
[WhiteElo "2399"]
[BlackElo "2430"]
[PlyCount "120"]
[EventDate "2025.05.06"]
[EventType "tourn"]
[EventRounds "9"]
[EventCountry "AUT"]
[EventCategory "10"]
[SourceTitle "CB21_2025"]
[SourceDate "2025.05.21"]
[SourceVersion "1"]
[SourceVersionDate "2025.05.21"]
[SourceQuality "1"]

1. d4 Nf6 2. c4 e6 3. Nc3 Bb4 4. Qc2 c5 5. dxc5 0-0 6. Nf3 Na6 7. Bd2 Nxc5 8. e3 b6 9. a3 Bxc3 10. Bxc3 Nce4 11. Bb4 Re8 12. Be2 a5 13. Bc3 Nxc3 14. Qxc3 Ba6 15. Qd4 Rc8 16. Rd1 Qc7 17. Ne5 Red8 18. Qd6 Ne8 19. Qxc7 Rxc7 20. b3 f6 21. Nd3 a4 22. Nb4 Bb7 23. 0-0 axb3 24. Rd3 b2 25. Rd2 Ra8 26. Rxb2 Nd6 27. Rd2 Ne4 28. Rd3 Nc5 29. Rc3 Kf7 30. f3 Ke7 31. Rb1 Na4 32. Rcb3 g5 33. Kf2 Nc5 34. Rc3 Na4 35. Rcb3 Nc5 36. Rc3 Be4 37. Rbc1 Bg6 38. e4 Rca7 39. Ra1 Bxe4 40. Re3 Bc6 41. h4 h6 42. Nc2 Kd8 43. hxg5 hxg5 44. Rh1 Kc7 45. Rh6 Rf8 46. Nd4 Rf7 47. Rh8 Kb7 48. Rh1 Ra8 49. Bd1 Rg8 50. g4 Rff8 51. Rh7 Rh8 52. Rg7 Rh2+ 53. Ke1 Ka6 54. Be2 Ba4 55. Re7 Rfh8 56. Rf7 Rh1+ 57. Kd2 R8h6 58. Rf8 Ra1 59. Rf7 Rhh1 60. Rc3 Rh2 0-1

[Event "Grosslobming FIDE GP (Women)"]
[Site "Grosslobming"]
[Date "2025.05.09"]
[Round "4"]
[White "Salimova, Nurgyul"]
[Black "Badelka, Olga"]
[Result "0-1"]
[WhiteElo "2399"]
[BlackElo "2426"]
[PlyCount "82"]
[EventDate "2025.05.06"]
[EventType "tourn"]
[EventRounds "9"]
[EventCountry "AUT"]
[EventCategory "10"]
[SourceTitle "CB21_2025"]
[SourceDate "2025.05.21"]
[SourceVersion "1"]
[SourceVersionDate "2025.05.21"]
[SourceQuality "1"]

1. e4 e5 2. Nf3 Nc6 3. Bc4 Bc5 4. c3 Nf6 5. d4 exd4 6. cxd4 Bb4+ 7. Nbd2 d5 8. exd5 Nxd5 9. 0-0 0-0 10. a3 Bxd2 11. Bxd2 Bg4 12. h3 Bh5 13. g4 Bg6 14. Ne5 Nxd4 15. Rc1 b5 16. Ba2 Re8 17. f4 Be4 18. Be1 Rxe5 19. Qxd4 Re8 20. Kh2 Rc8 21. Bg3 c5 22. Rxc5 Rxc5 23. Qxc5 Nb6 24. Re1 Bb7 25. Qd4 Qc8 26. Qc5 Bc6 27. Bb1 Nc4 28. Bf5 Qa8 29. Rxe8+ Qxe8 30. Bf2 Nd2 31. h4 Qe2 32. Qxa7 g6 33. Bd3 Nf3+ 34. Kg3 Qxd3 35. Be3 h6 36. Qb8+ Kg7 37. Qb6 Qe4 38. Qc5 Bd5 39. Qc3+ Kh7 40. h5 gxh5 41. gxh5 Nh2 0-1

[Event "Grosslobming FIDE GP (Women)"]
[Site "Grosslobming"]
[Date "2025.05.08"]
[Round "3"]
[White "Zhu, Jiner"]
[Black "Salimova, Nurgyul"]
[Result "1-0"]
[WhiteElo "2541"]
[BlackElo "2399"]
[PlyCount "141"]
[EventDate "2025.05.06"]
[EventType "tourn"]
[EventRounds "9"]
[EventCountry "AUT"]
[EventCategory "10"]
[SourceTitle "CB21_2025"]
[SourceDate "2025.05.21"]
[SourceVersion "1"]
[SourceVersionDate "2025.05.21"]
[SourceQuality "1"]

1. e4 e5 2. Nf3 Nf6 3. Nxe5 d6 4. Nf3 Nxe4 5. Nc3 Nxc3 6. dxc3 Be7 7. Be3 0-0 8. Qd2 Nd7 9. 0-0-0 Nf6 10. Bd3 Re8 11. Rhe1 Bg4 12. Bg5 Qd7 13. a3 Bf5 14. Nd4 Bg6 15. f3 Nd5 16. Bxg6 hxg6 17. h4 Nb6 18. g4 Bf8 19. h5 c5 20. Nb3 gxh5 21. Rh1 f6 22. Bf4 h4 23. Qh2 g5 24. Nxc5 Qf7 25. Ne4 Rxe4 26. fxe4 Qa2 27. b3 Rc8 28. Rd3 gxf4 29. Qxh4 Bg7 30. Kd2 Nd7 31. Qh7+ Kf8 32. Qf5 Rc7 33. Qe6 Ne5 34. Qxd6+ Re7 35. Rh7 Nxd3 36. Rxg7 Kxg7 37. Qxe7+ Kg6 38. Qe8+ Kg7 39. Qe7+ Kg6 40. Qe8+ Kg7 41. Qd7+ Kh6 42. Qf5 Qb1 43. Qxf6+ Kh7 44. Qf5+ Kh6 45. Qh5+ Kg7 46. Qg5+ Kh7 47. Qe7+ Kg6 48. Qe8+ Kh6 49. Qh8+ Kg6 50. Qe8+ Kh6 51. Qh5+ Kg7 52. Qg5+ Kh7 53. Qf5+ Kh6 54. Kxd3 Qd1+ 55. Kc4 f3 56. Qf6+ Kh7 57. g5 Qe2+ 58. Kd5 f2 59. Qf7+ Kh8 60. g6 Qb5+ 61. Kd4 Qb6+ 62. Kd3 Qxg6 63. Qxf2 Qa6+ 64. c4 Qxa3 65. Qf6+ Kg8 66. Qd8+ Kf7 67. Qd7+ Kf6 68. Qxb7 Qd6+ 69. Qd5 Qg3+ 70. Kd2 Qf4+ 71. Kc3 1-0

[Event "Grosslobming FIDE GP (Women)"]
[Site "Grosslobming"]
[Date "2025.05.06"]
[Round "1"]
[White "Vaishali, Ramesh Babu"]
[Black "Salimova, Nurgyul"]
[Result "1-0"]
[WhiteElo "2475"]
[BlackElo "2399"]
[PlyCount "69"]
[EventDate "2025.05.06"]
[EventType "tourn"]
[EventRounds "9"]
[EventCountry "AUT"]
[EventCategory "10"]
[SourceTitle "CB21_2025"]
[SourceDate "2025.05.21"]
[SourceVersion "1"]
[SourceVersionDate "2025.05.21"]
[SourceQuality "1"]

1. e4 c6 2. d4 d5 3. e5 c5 4. c3 Nc6 5. Bb5 cxd4 6. cxd4 a6 7. Bxc6+ bxc6 8. Nc3 e6 9. Nf3 Ne7 10. h4 a5 11. 0-0 Nf5 12. Bg5 Be7 13. Bxe7 Qxe7 14. g3 c5 15. Na4 cxd4 16. Nxd4 Nxd4 17. Qxd4 Qb4 18. Qxb4 axb4 19. Nc5 Bd7 20. Rfd1 Ke7 21. Rd4 b3 22. a3 Rhb8 23. Rc1 Rb5 24. Nd3 Rbb8 25. Rc3 Ra7 26. f4 Kd8 27. Kf2 Rc7 28. Rxc7 Kxc7 29. Ke3 Rb6 30. Rb4 f6 31. Kd4 Rc6 32. Nc5 Bc8 33. Rxb3 Ba6 34. Rc3 Kd8 35. Na4 1-0

[Event "Pune FIDE GP (Women)"]
[Site "Pune"]
[Date "2025.04.23"]
[Round "9"]
[White "Koneru, Humpy"]
[Black "Salimova, Nurgyul"]
[Result "1-0"]
[WhiteElo "2528"]
[BlackElo "2402"]
[PlyCount "167"]
[EventDate "2025.04.14"]
[EventType "tourn"]
[EventRounds "9"]
[EventCountry "IND"]
[EventCategory "9"]
[SourceTitle "CB18_2025"]
[SourceDate "2025.04.30"]
[SourceVersion "1"]
[SourceVersionDate "2025.04.30"]
[SourceQuality "1"]

1. d4 d5 2. c4 c6 3. cxd5 cxd5 4. Nc3 Nf6 5. Nf3 Nc6 6. Bf4 a6 7. Qb3 Na5 8. Qc2 g6 9. e3 Bf5 10. Bd3 Bxd3 11. Qxd3 e6 12. 0-0 Nc6 13. Rfc1 Be7 14. Na4 Nd7 15. Bh6 Qa5 16. Qd1 Rg8 17. h4 Qd8 18. Ng5 Bd6 19. e4 Qe7 20. exd5 exd5 21. Qd3 Qf6 22. Re1+ Be7 23. Nc3 Nb6 24. Qh3 Qf5 25. Qxf5 gxf5 26. Nxh7 0-0-0 27. Bg5 Bxg5 28. Nxg5 Nxd4 29. Rad1 Nc6 30. Nxf7 Rd7 31. Ng5 d4 32. Ne2 Re8 33. Nf4 Rxe1+ 34. Rxe1 d3 35. Nf3 Na4 36. Rd1 Nc5 37. a3 a5 38. h5 Nd4 39. Nxd4 Rxd4 40. g3 d2 41. h6 Rd7 42. h7 Rxh7 43. Rxd2 b6 44. Rd6 Ne4 45. Rxb6 Rc7 46. Rb5 Rc2 47. Nh3 Nd6 48. Rxa5 Rxb2 49. Ng5 Kb7 50. Ne6 Kb6 51. Rd5 Kc6 52. Re5 Rd2 53. Kg2 Kd7 54. Ng7 f4 55. g4 Nc4 56. Re4 Ne3+ 57. Kf3 Nd5 58. a4 Rd3+ 59. Kg2 f3+ 60. Kg3 Nc3 61. Re3 Rxe3 62. fxe3 Nxa4 63. Kxf3 Nc5 64. Kf4 Ke7 65. Kf5 Kf7 66. Nh5 Nb7 67. Nf4 Nd6+ 68. Ke5 Nc4+ 69. Kd4 Nd2 70. e4 Nf3+ 71. Kd5 Kf6 72. Nh3 Nh2 73. g5+ Kg6 74. Kd6 Nf3 75. e5 Nd2 76. e6 Ne4+ 77. Kd5 Nc3+ 78. Kc6 Ne4 79. Kd5 Nc3+ 80. Ke5 Nb5 81. Nf4+ Kg7 82. Nd5 Kf8 83. g6 Na7 84. e7+ 1-0

[Event "EU-ch 25th"]
[Site "Eforie Nord"]
[Date "2025.03.24"]
[Round "9"]
[White "Livaic, Leon"]
[Black "Salimova, Nurgyul"]
[Result "1/2-1/2"]
[WhiteElo "2562"]
[BlackElo "2404"]
[PlyCount "83"]
[EventDate "2025.03.15"]
[EventType "swiss"]
[EventRounds "11"]
[EventCountry "ROU"]
[SourceTitle "CB13_2025"]
[SourceDate "2025.03.26"]
[SourceVersion "1"]
[SourceVersionDate "2025.03.26"]
[SourceQuality "1"]

1. e4 e5 2. Nf3 Nc6 3. Bb5 a6 4. Ba4 Nf6 5. 0-0 Be7 6. Re1 b5 7. Bb3 d6 8. c3 0-0 9. h3 h6 10. d4 Re8 11. Nbd2 Bd7 12. Nf1 a5 13. a3 a4 14. Ba2 Bf8 15. Ng3 Na5 16. Be3 c5 17. Qd2 exd4 18. cxd4 d5 19. e5 Ne4 20. Qd3 Nxg3 21. fxg3 Nc4 22. Re2 Nxe3 23. Rxe3 cxd4 24. Re2 Qb6 25. Kh2 b4 26. Bxd5 Rac8 27. axb4 Bxb4 28. Qxd4 Qxd4 29. Nxd4 Rc5 30. e6 Rxd5 31. exd7 Rxe2 32. Nxe2 Rxd7 33. Rxa4 Be1 34. Ra1 Bf2 35. Rb1 Re7 36. Nc3 Bd4 37. Nd5 Re5 38. Nf4 g5 39. Nd3 Re3 40. Rd1 h5 41. h4 f6 42. hxg5 1/2-1/2

[Event "Baku Pashayeva Memorial Blitz"]
[Site "Baku"]
[Date "2025.03.05"]
[Round "2"]
[White "Salimova, Nurgyul"]
[Black "Balajayeva, Khanim Asad Qizi"]
[Result "1-0"]
[WhiteElo "2404"]
[BlackElo "2358"]
[PlyCount "73"]
[EventDate "2025.03.05"]
[EventType "tourn (blitz)"]
[EventRounds "18"]
[EventCountry "AZE"]
[EventCategory "3"]
[SourceTitle "CB11_2025"]
[SourceDate "2025.03.12"]
[SourceVersion "1"]
[SourceVersionDate "2025.03.12"]
[SourceQuality "1"]

1. d4 Nf6 2. Bg5 d5 3. Nd2 c5 4. e3 Nc6 5. c3 e6 6. Ngf3 h6 7. Bh4 Be7 8. Bd3 0-0 9. 0-0 Nh5 10. Bxe7 Qxe7 11. Ne5 Nxe5 12. dxe5 g6 13. a4 Bd7 14. a5 Ng7 15. Nf3 Bc6 16. Rb1 b6 17. a6 b5 18. b4 c4 19. Bc2 Rad8 20. Nd4 Qc7 21. f4 Qb6 22. Ra1 Be8 23. Qf3 f6 24. Qh3 h5 25. Qh4 fxe5 26. fxe5 Bf7 27. Ra5 Qb8 28. Qg5 Be8 29. Rxf8+ Kxf8 30. Ra1 Kg8 31. Rf1 Bf7 32. Qf6 Rf8 33. Nc6 Qc7 34. Ne7+ Kh8 35. Nxg6+ Kg8 36. Nxf8 Kxf8 37. Bg6 1-0

[Event "Baku Pashayeva Memorial Blitz"]
[Site "Baku"]
[Date "2025.03.05"]
[Round "10"]
[White "Salimova, Nurgyul"]
[Black "Serikbay, Assel"]
[Result "1-0"]
[WhiteElo "2404"]
[BlackElo "2235"]
[PlyCount "79"]
[EventDate "2025.03.05"]
[EventType "tourn (blitz)"]
[EventRounds "18"]
[EventCountry "AZE"]
[EventCategory "3"]
[SourceTitle "CB11_2025"]
[SourceDate "2025.03.12"]
[SourceVersion "1"]
[SourceVersionDate "2025.03.12"]
[SourceQuality "1"]

1. d4 d5 2. Nf3 Nf6 3. Bf4 c5 4. e3 Nc6 5. Nbd2 Bg4 6. c3 e6 7. Qb3 Qb6 8. Qxb6 axb6 9. Bb5 Nd7 10. 0-0 Be7 11. h3 Bf5 12. c4 0-0 13. cxd5 exd5 14. Rfc1 c4 15. a3 Rfc8 16. Re1 Nf6 17. Ne5 Na7 18. Ba4 b5 19. Bd1 b4 20. Bf3 Nb5 21. g4 Bc2 22. axb4 Bxb4 23. Rxa8 Rxa8 24. Rc1 Bg6 25. Nf1 Be4 26. Nh2 h6 27. h4 Ra2 28. g5 hxg5 29. hxg5 Bxf3 30. gxf6 Be4 31. fxg7 Kxg7 32. Nhg4 f5 33. Nh6 Rxb2 34. Kh2 Rxf2+ 35. Kh3 Bd2 36. Rg1+ Kh7 37. Nhf7 Rf3+ 38. Nxf3 Bxf3 39. Ng5+ Kh8 40. Be5+ 1-0

[Event "Baku Pashayeva Memorial Rapid"]
[Site "Baku"]
[Date "2025.03.04"]
[Round "9"]
[White "Mammadzada, Gunay Vuqar Qizi"]
[Black "Salimova, Nurgyul"]
[Result "1/2-1/2"]
[WhiteElo "2396"]
[BlackElo "2404"]
[PlyCount "85"]
[EventDate "2025.03.02"]
[EventType "tourn (rapid)"]
[EventRounds "9"]
[EventCountry "AZE"]
[EventCategory "3"]
[SourceTitle "CB11_2025"]
[SourceDate "2025.03.12"]
[SourceVersion "1"]
[SourceVersionDate "2025.03.12"]
[SourceQuality "1"]

1. e4 e5 2. Nf3 Nc6 3. Bb5 a6 4. Ba4 d6 5. 0-0 Bd7 6. c3 Nf6 7. Re1 g6 8. d4 b5 9. Bc2 Bg7 10. h3 0-0 11. a3 Re8 12. Nbd2 a5 13. dxe5 Nxe5 14. Nxe5 Rxe5 15. Nf3 Re8 16. Bf4 Nh5 17. Bg5 Qc8 18. Bd3 Qb7 19. Qc2 c5 20. Qd2 Bc6 21. Bc2 Bf8 22. Bh6 Ng7 23. Qf4 Ne6 24. Qh4 Bxh6 25. Qxh6 Rad8 26. Rad1 a4 27. Rd2 f6 28. Red1 Qe7 29. Nh2 Ng5 30. f3 Bd7 31. Qh4 Nf7 32. Nf1 Be6 33. f4 g5 34. Qg3 Kh8 35. Ne3 gxf4 36. Qxf4 Ne5 37. Rf1 Rf8 38. Rdf2 Qg7 39. Qh4 Ng6 40. Qg3 Ne5 41. Qh4 Ng6 42. Qg3 Ne5 43. Qh4 1/2-1/2

[Event "Baku Pashayeva Memorial Rapid"]
[Site "Baku"]
[Date "2025.03.04"]
[Round "8"]
[White "Salimova, Nurgyul"]
[Black "Mamedjarova, Turkan"]
[Result "1/2-1/2"]
[WhiteElo "2404"]
[BlackElo "2206"]
[PlyCount "163"]
[EventDate "2025.03.02"]
[EventType "tourn (rapid)"]
[EventRounds "9"]
[EventCountry "AZE"]
[EventCategory "3"]
[SourceTitle "CB11_2025"]
[SourceDate "2025.03.12"]
[SourceVersion "1"]
[SourceVersionDate "2025.03.12"]
[SourceQuality "1"]

1. d4 d5 2. Nf3 Nf6 3. Bf4 e6 4. e3 Bd6 5. Bd3 c5 6. dxc5 Bxf4 7. exf4 Qa5+ 8. Nbd2 Qxc5 9. 0-0 Qb4 10. c4 0-0 11. Qc2 h6 12. g3 Nc6 13. a3 Qe7 14. Rfe1 Bd7 15. cxd5 Nxd5 16. Nc4 Rac8 17. Qe2 Rfd8 18. Rad1 Be8 19. h4 b5 20. Nce5 a6 21. Bb1 Nf6 22. Ba2 Rxd1 23. Rxd1 Rd8 24. Rc1 Nd4 25. Nxd4 Rxd4 26. Qe3 Qd8 27. Kg2 h5 28. Rc8 Qxc8 29. Qxd4 Ng4 30. Bb1 Nxe5 31. Qxe5 Qc4 32. Qb8 Qd5+ 33. Kh2 Kf8 34. Qc8 Ke7 35. Qc7+ Bd7 36. f5 exf5 37. Bc2 Qd4 38. Kg1 g6 39. b4 Kf6 40. Bb3 Qd3 41. Bc2 Qd2 42. Bb3 Qe1+ 43. Kg2 Qe4+ 44. Kh2 Qd3 45. Bc2 Qd4 46. Kg1 Be6 47. Qc6 Qa1+ 48. Kh2 Qxa3 49. Qc5 Kg7 50. Qd4+ Kh7 51. Bd3 Qc1 52. Be2 Qe1 53. Bf3 Bc4 54. Qc5 Qe6 55. Qa7 Qf6 56. Qc7 Qc3 57. Bd5 Qf6 58. Bxc4 bxc4 59. Qxc4 Kg7 60. Kg2 Qb6 61. Kg1 Qd6 62. Qc3+ f6 63. Qc4 g5 64. hxg5 fxg5 65. Qc3+ Qf6 66. Qc7+ Kh6 67. Kg2 Qe6 68. Qc5 Qf6 69. b5 axb5 70. Qxb5 h4 71. gxh4 gxh4 72. Kh3 Kg5 73. Qc4 Kh5 74. Qc8 Qe5 75. Qg8 Qc3+ 76. Kh2 Qd4 77. Qh7+ Kg4 78. f3+ Kxf3 79. Qxf5+ Ke2 80. Kh3 Qd3+ 81. Qxd3+ Kxd3 82. Kxh4 1/2-1/2

[Event "Baku Pashayeva Memorial Rapid"]
[Site "Baku"]
[Date "2025.03.02"]
[Round "1"]
[White "Balajayeva, Khanim Asad Qizi"]
[Black "Salimova, Nurgyul"]
[Result "1/2-1/2"]
[WhiteElo "2358"]
[BlackElo "2404"]
[PlyCount "155"]
[EventDate "2025.03.02"]
[EventType "tourn (rapid)"]
[EventRounds "9"]
[EventCountry "AZE"]
[EventCategory "3"]
[SourceTitle "CB11_2025"]
[SourceDate "2025.03.12"]
[SourceVersion "1"]
[SourceVersionDate "2025.03.12"]
[SourceQuality "1"]

1. e4 c6 2. Nf3 d5 3. exd5 cxd5 4. Ne5 Nc6 5. d4 a6 6. Be2 e6 7. c3 Bd6 8. f4 Nge7 9. 0-0 f6 10. Nxc6 bxc6 11. Bd3 0-0 12. Nd2 c5 13. Nf3 Qc7 14. dxc5 Bxc5+ 15. Kh1 g6 16. Qe2 Bd7 17. Bxa6 Bd6 18. Bb5 Bxb5 19. Qxb5 Nf5 20. Qe2 Rfe8 21. Nd4 Nxd4 22. cxd4 Rac8 23. Be3 Qc2 24. Rae1 Qe4 25. Qa6 Bf8 26. Bg1 Qf5 27. h3 Ra8 28. Qc6 Rec8 29. Qd7 Rd8 30. Qxe6+ Qxe6 31. Rxe6 Kf7 32. Rb6 Rxa2 33. Rb7+ Kg8 34. Re1 Rc8 35. Re2 Ra1 36. Kh2 Bd6 37. g3 Rcc1 38. Bf2 Bf8 39. Kg2 Rc6 40. Re8 Rc2 41. Rbb8 Rd1 42. Rxf8+ Kg7 43. Rg8+ Kh6 44. Rb3 Rxd4 45. Rgb8 Rdd2 46. Rf3 d4 47. Rbb3 Re2 48. Kf1 Re4 49. Rb4 f5 50. Rbb3 Rc1+ 51. Kg2 Rc2 52. g4 fxg4 53. hxg4 Kg7 54. Rb7+ Kf6 55. Kg3 h5 56. Rb6+ Kf7 57. g5 Ree2 58. f5 h4+ 59. Kxh4 Rxf2 60. Rb7+ Kg8 61. Rb8+ Kf7 62. Rb7+ Kg8 63. Rxf2 Rxf2 64. f6 d3 65. Rd7 Rxb2 66. Rxd3 Rb4+ 67. Kg3 Kf7 68. Rd7+ Kf8 69. Rg7 Rb3+ 70. Kf4 Rb4+ 71. Ke3 Rb3+ 72. Kd4 Rb4+ 73. Kc5 Rh4 74. Rxg6 Rh7 75. Kd6 Kf7 76. Rh6 Rxh6 77. gxh6 Kxf6 78. h7 1/2-1/2

[Event "BL 2425 (Women)"]
[Site "Germany"]
[Date "2025.01.25"]
[Round "3.4"]
[White "Kulon, Klaudia"]
[Black "Salimova, Nurgyul"]
[Result "1/2-1/2"]
[WhiteElo "2395"]
[BlackElo "2402"]
[PlyCount "232"]
[EventDate "2024.11.16"]
[EventType "team-tourn"]
[EventRounds "11"]
[EventCountry "GER"]
[SourceTitle "CB14_2025"]
[SourceDate "2024.11.01"]
[SourceVersion "1"]
[SourceVersionDate "2024.11.01"]
[SourceQuality "1"]
[WhiteTeam "Bad Koenigshofen (W)"]
[BlackTeam "Baden-Baden (W)"]
[WhiteTeamCountry "GER"]
[BlackTeamCountry "GER"]

1. d4 d5 2. Nf3 c5 3. Bf4 cxd4 4. Bxb8 Qa5+ 5. c3 Rxb8 6. Qxd4 Nf6 7. Nbd2 g6 8. Qe5 Ra8 9. e4 Bg7 10. Nc4 Qd8 11. Rd1 0-0 12. exd5 b5 13. Ne3 b4 14. cxb4 Ne8 15. Qe4 Nd6 16. Qc2 Qb6 17. a3 a5 18. Qc5 Rb8 19. Nd4 Bd7 20. Qxb6 Rxb6 21. b3 axb4 22. a4 Ne4 23. Bc4 Rc8 24. 0-0 Nd6 25. a5 Rbb8 26. Nc6 Bxc6 27. dxc6 Nxc4 28. Nxc4 Rxc6 29. Rd7 Bf6 30. Rfd1 Kg7 31. g3 h5 32. h4 Rb5 33. Ra7 Rf5 34. Kg2 Re6 35. Ne3 Rc5 36. Nc4 Re2 37. Rd2 Re1 38. Rb7 Ra1 39. Re2 g5 40. hxg5 Rxg5 41. Rxb4 h4 42. Rb7 hxg3 43. fxg3 Bd4 44. Rexe7 Rg1+ 45. Kf3 R1xg3+ 46. Ke4 Bf6 47. Rxf7+ Kg6 48. Rxf6+ Kxf6 49. a6 Rg8 50. Rb6+ Ke7 51. a7 Ra8 52. Ne5 Rc3 53. Kd4 Rc7 54. Nc6+ Kd6 55. Ne5+ Ke7 56. Nc6+ Kd6 57. Rb8 Rcxa7 58. Nxa7 Rxb8 59. Kc4 Kc7 60. Nb5+ Kb6 61. Nd4 Rc8+ 62. Kb4 Rc5 63. Ne6 Rh5 64. Nd4 Rh4 65. Kc4 Rg4 66. b4 Kc7 67. Kc5 Rg5+ 68. Kc4 Kd6 69. Nb5+ Kc6 70. Nd4+ Kb6 71. Kc3 Rd5 72. Kc4 Rd7 73. Kc3 Rc7+ 74. Kb3 Rc1 75. Nc2 Kc6 76. Kb2 Rh1 77. Kb3 Kd5 78. Ne3+ Ke4 79. Nc2 Kd3 80. Na3 Rg1 81. Kb2 Rg8 82. Kb3 Rc8 83. Nb5 Rb8 84. Na3 Rb7 85. Nb1 Ra7 86. Na3 Ra8 87. Nb5 Ke4 88. Nc3+ Ke5 89. Nb5 Rg8 90. Kc4 Rc8+ 91. Kb3 Kd5 92. Nc3+ Kd4 93. Nb5+ Kd3 94. Na3 Rc1 95. Kb2 Rc3 96. Nb5 Rc8 97. Kb3 Kd2 98. Na3 Rc3+ 99. Kb2 Rh3 100. Nb1+ Kd3 101. Kb3 Kd4+ 102. Ka4 Rd3 103. Na3 Kd5 104. Nc2 Rc3 105. Na3 Kc6 106. Nb1 Rd3 107. Na3 Kd5 108. Nc2 Kc4 109. Na3+ Kc3 110. Nb5+ Kb2 111. Nc7 Rd7 112. Na6 Kc3 113. Kb5 Rd8 114. Kc5 Rh8 115. Kb5 Rh6 116. Nc5 Rh4 1/2-1/2